• 首页
  • 本馆介绍
  • 公告通知
  • 最新文献
  • 馆藏检索
  • 电子资源
  • 读者导购
  • 参考咨询
  • 我的图书馆
  • 登录
  • 详细信息显示
  • 放入我的书架
  • 预约/预借图书
  • 作者相关作品
  • 分类相关作品
  • 丛书相关作品
  • 出版社相关作品

书目信息

  • 表格格式
  • 工作单格式
  • 卡片格式
题名:
仇池国志
    
 
作者: 李祖桓 编著
分册:  
出版信息: 北京   书目文献出版社  1986.05
页数: 263页页
开本: 20cm
丛书名:
单 册:
中图分类: K238
科图分类:
主题词: 中国--古代史--五胡十六国时代
电子资源:
ISBN:
000 00558nam0 2200205 45
001 0312221749
005 20050419170256.5
010    @dCNY1.85
091    @a11201.36
100    @a20031222d1986 km y0chiy0120 ea
101    @achi
105    @a z 000yy
200 1  @a仇池国志@AChou Chi Guo Zhi@f李祖桓编著@FLi Zu Huan Bian Zhu
210    @a北京@c书目文献出版社@d1986.05
215    @a263页页@c地图@d20cm
606 0  @a中国@x古代史@x五胡十六国时代
690    @aK238@v3
701 0  @a李祖桓@4编著
801    @aCN@bTSTCL@c20031222
905    @dK238@e29@b165518@f1
    
    仇池国志/李祖桓编著.-北京:书目文献出版社,1986.05
    263页页:地图;20cm
    
    
    ISBN :CNY1.85
    
●
相关链接 在E读中查询图书 在五车中查询图书 在当当中查询图书 在豆瓣中查询图书


正题名:仇池国志     索取号:K238/29         预约/预借

序号 登录号 条形码 馆藏地/架位号 状态 备注
1 0165518   002033917   第二借阅区/ [索取号:K238/29] 在馆    
2 0165519   001586938   密集书库/ [索取号:K238/29] 在馆    
3 0165520   000639241   第二借阅区/ [索取号:K238/29] 在馆    
4 0165521   001586974   密集书库/ [索取号:K238/29] 在馆    
5 0165522   000639232   第二样本阅览室/ [索取号:K238/29] 在馆    
唐山师范学院图书馆 欢迎您!
大连网信软件有限公司© 版权所有